Comedias del célebre poeta español Don Pedro Calderón de la Barca : tomo tercero /

保存先:
書誌詳細
第一著者: Calderón de la Barca, Pedro (autor)
その他の著者: Fernández de Apontes, Juan (edición) (edición)
フォーマット: 図書
言語:スペイン語
主題:
タグ: タグ追加
タグなし, このレコードへの初めてのタグを付けませんか!

MARC

LEADER 00000nam^a2200000^a^4500
001 000380434
005 20250526000000.0
009 20260310120604.801
037 |a Acervo Xavier Clavigero 
041 |a ESP 
082 |a 862.  |b CAL V. 3 
100 |a Calderón de la Barca, Pedro  |e (autor) 
240 1 4 |a [La dama duende] 
240 1 4 |a [El príncipe constante] 
245 1 0 |a Comedias del célebre poeta español Don Pedro Calderón de la Barca :  |b tomo tercero /  |c P. Calderón de la Barca ; publicación de J. Fernández de Apontes. 
264 |a Madrid, España :  |b Oficina de la Viuda de Manuel Fernández,  |c 1760 
300 |a 499 p. ;  |c 20.0 cm. 
336 |a texto  |b txt  |2 rdacontenido 
337 |a sin mediación  |b n  |2 rdamedio 
338 |a volumen  |b nc  |2 rdasoporte 
545 0 |a Pedro Calderón de la Barca (1600-1681), dramaturgo y poeta español nacido en Madrid, fue una figura importante del Siglo de Oro de la literatura española. Se educó en un colegio jesuita y continuó sus estudios en las universidades de Alcalá y Salamanca. Fue soldado en la juventud y sacerdote en la vejez, cuya ordenación religiosa aconteció en 1651. Su primer comedia conocida fue Amor, honor y poder (1623); le siguieron La dama duende (1629); Casa con dos puertas, mala es de guardar (1632); No hay burlas con el amor (1637); ¿Cuál es la mayor perfección? (1663). Sus obras dramáticas se dividen en dramas religiosos, trágicos o de honor, y filosóficos. Entre las primeras destacan El príncipe constante (1629) y El mágico prodigioso (1637). De las trágicas o de honor están El médico de su honra (1635) y El alcalde de Zalamea (1640); y de las filosóficas la más conocida es La vida es sueño (1636). Además escribió unos ochenta autos sacramentales, los más conocidos son: El gran teatro del mundo (1636) y el Auto de la vida es sueño (1670). 
561 |a Ex libris de Biblioteca Colegio de San Juan, Saltillo 
562 |a Falta cubierta 
649 |a XX 
650 |a Comedia Española 
650 |a Teatro Español 
650 |a Literatura Española -  |y Epoca Clásica, 1500-1700 
650 |a Literatura Española -  |y Siglo XVII 
650 |a Literatura Religiosa -  |z España 
650 |a Literatura Barroca -  |z España 
740 0 |a Lances de amor y fortuna :  |b comedia famosa /  |c P. Calderón de la Barca ; publicación de J. Fernández de Apontes. 
740 3 |a La dama duende :  |b comedia famosa /  |c P. Calderón de la Barca ; publicación de J. Fernández de Apontes. 
740 0 |a Peor está que estaba :  |b comedia famosa /  |c P. Calderón de la Barca ; publicación de J. Fernández de Apontes. 
740 3 |a El sitio de Bredá :  |b comedia famosa /  |c P. Calderón de la Barca ; publicación de J. Fernández de Apontes. 
740 3 |a El príncipe constante :  |b comedia famosa /  |c P. Calderón de la Barca ; publicación de J. Fernández de Apontes. 
740 3 |a El postrer duelo de España :  |b la gran comedia /  |c P. Calderón de la Barca ; publicación de J. Fernández de Apontes. 
740 0 |a Eco y Narciso :  |b la gran comedia /  |c P. Calderón de la Barca ; publicación de J. Fernández de Apontes. 
740 3 |a El monstruo de los jardines :  |b la gran comedia /  |c P. Calderón de la Barca ; publicación de J. Fernández de Apontes. 
740 3 |a El gran príncipe de Fez :  |b la gran comedia /  |c P. Calderón de la Barca ; publicación de J. Fernández de Apontes. 
740 3 |a El encanto sin encanto :  |b la gran comedia /  |c P. Calderón de la Barca ; publicación de J. Fernández de Apontes. 
700 |a Fernández de Apontes, Juan  |e (edición) 
910 |a Fondo General 
920 |a Impresos - Libros 
930 |a Libros Antiguos y Raros 
940 |a Literatura 
905 |a 108 
901 |a 0500273803  |b IT2  |c LRA  |u 20250526 
902 |a https://opac.biblio.iteso.mx/vufind/Record/000380434